كتاب فضائل القرآن / (Record no. 180568)

MARC details
000 -LEADER
fixed length control field 01317namaa2200337 i 4500
003 - CONTROL NUMBER IDENTIFIER
control field EG-GICUC
005 - DATE AND TIME OF LATEST TRANSACTION
control field 20260617143505.0
008 - FIXED-LENGTH DATA ELEMENTS--GENERAL INFORMATION
fixed length control field 260617s1988 su ||||jr|||| 001 0 ara d
040 ## - CATALOGING SOURCE
Original cataloging agency EG-GiCUC
Language of cataloging ara
Transcribing agency EG-GiCUC
Modifying agency EG-GiCUC
Description conventions rda
082 04 - DEWEY DECIMAL CLASSIFICATION NUMBER
Edition number 21
Classification number 229.2
Item number K1962
092 04 - LOCALLY ASSIGNED DEWEY CALL NUMBER (OCLC)
Edition number 21
Classification number 229.2
Item number K1962
099 ## - LOCAL FREE-TEXT CALL NUMBER (OCLC)
Classification number 229.2 K1962
100 1# - MAIN ENTRY--PERSONAL NAME
Personal name ابن كثير، اسماعيل بن عمر
Dates associated with a name approximately 1301-1373
Relator term مؤلف.
245 10 - TITLE STATEMENT
Title كتاب فضائل القرآن /
Statement of responsibility, etc. للحافظ ابن كثير ؛ تحقيق الدكتور محمد ابراهيم البنا
246 30 - VARYING FORM OF TITLE
Title proper/short title فضائل القرآن
250 ## - EDITION STATEMENT
Edition statement الطبعة الاولى
264 ## - PRODUCTION, PUBLICATION, DISTRIBUTION, MANUFACTURE, AND COPYRIGHT NOTICE
Place of production, publication, distribution, manufacture جدة (السعودية) :
Name of producer, publisher, distributor, manufacturer دار القبلة للثقافة الاسلامية،
Date of production, publication, distribution, manufacture, or copyright notice 1988
300 ## - PHYSICAL DESCRIPTION
Extent 190 صفحة ؛
Dimensions 24 سم
336 ## - CONTENT TYPE
Source rdacontent
Content type term text
337 ## - MEDIA TYPE
Source rdamedia
Media type term Unmediated
338 ## - CARRIER TYPE
Source rdacarrier
Carrier type term volume
504 ## - BIBLIOGRAPHY, ETC. NOTE
Bibliography, etc. note يشتمل على ارجاعات ببليوجرافية وكشافات.
541 ## - IMMEDIATE SOURCE OF ACQUISITION NOTE
Source of acquisition د. / جابر عصفور ؛
Address القاهرة ؛
Method of acquisition إهداء ؛
Date of acquisition 2024.
630 2# - SUBJECT ADDED ENTRY--UNIFORM TITLE
Source of heading or term qrmak
Uniform title القرآن، فضائل
630 2# - SUBJECT ADDED ENTRY--UNIFORM TITLE
Source of heading or term qrmak
Uniform title القرآن
General subdivision علوم
650 1# - SUBJECT ADDED ENTRY--TOPICAL TERM
Source of heading or term qrmak
651 1# - SUBJECT ADDED ENTRY--GEOGRAPHIC NAME
Source of heading or term qrmak
700 1# - ADDED ENTRY--PERSONAL NAME
Personal name البنا، محمد ابراهيم
Relator term محقق.
905 ## - Cataloger and Reviser Names
Cataloger Name Amira
942 ## - ADDED ENTRY ELEMENTS (KOHA)
Source of classification or shelving scheme Dewey Decimal Classification
Koha item type Books
Edition 21
Suppress in OPAC No
Holdings
Withdrawn status Lost status Source of classification or shelving scheme Damaged status Not for loan Home library Current library Date acquired Inventory number Total checkouts Full call number Barcode Date last seen Price effective from Koha item type
    Dewey Decimal Classification   Not for loan المكتبة المركزبة الجديدة - جامعة القاهرة قاعة المكتبات المهداة - الدور الرابع 17.06.2026 173451   229.2 K1962 J.U. 01000100173451000 17.06.2026 17.06.2026 Books
Cairo University Libraries Portal Implemented & Customized by: Eng. M. Mohamady Contacts: new-lib@cl.cu.edu.eg | cnul@cl.cu.edu.eg
CUCL logo CNUL logo
© All rights reserved — Cairo University Libraries
CUCL logo
Implemented & Customized by: Eng. M. Mohamady Contact: new-lib@cl.cu.edu.eg © All rights reserved — New Central Library
CNUL logo
Implemented & Customized by: Eng. M. Mohamady Contact: cnul@cl.cu.edu.eg © All rights reserved — Cairo National University Library